000 00299nam a2200121Ia 4500
005 20260328104338.0
008 260328s9999||||xx |||||||||||||| ||und||
100 _aMackay, David
245 0 _aViviendas plurifamiliares /
_cDavid Mackay
260 _bGustavo Gili
650 _aVIVIENDA
942 _cBK
999 _c11996
_d11996